000 00581cab a2200241 4500
001 X16
008 090401t1991 xxu||||| |||| 00| 0 eng d
035 _a(Sirsi) u44543
041 _aeng
245 _aVoyce v Voyce
260 _c1991
350 _a0
490 _aProperty and Compensation Reports
_v(1991) 62 PCR 290
650 _aEQUITABLE ESTOPPEL
650 _aEXTENSION
650 _aFARM COTTAGE
650 _aGIFT
650 _aREAL PROPERTY
650 _aRIGHT TO LIGHT
690 _aPROPERTY LAW AND PRACTICE-CASE LAW
942 _n0
948 _c04/03/1997
999 _c28309
_d28309